000
00308nam a2200133Ia 4500
100
_a
Flinn/E.A/ Hill/ A.E
942
_c
BK
654
_a
Getting More
245
_a
Getting More From Your PET/CBM
260
_b
Sigma Techanical Press.
_a
Cheshire
_c
1982
082
_a
1.6
300
_a
198
546
_a
ENGLISH
999
_c
31171
_d
31171